Statistics for Book of Genesis: Creation and Garden of Eden

Click here to take the quiz!

General Stats

  • This quiz has been taken 15 times
  • The average score is 10 of 14

Answer Stats

HintAnswer% Correct
Which of God's creatures has dominion over all animals?Man
100%
What did God do on the seventh day?Rest
100%
Which animal tempts Eve to eat the fruit?Snake
100%
Enter the word that completes the verse that God speaks to Adam: "For you are _____, and to ______ you shall return."Dust
90%
"God looked at everything he had made, and found it very ______."Good
90%
What is the three-word phrase that begins the Book of Genesis?In the beginning
90%
God creates Eve using which of Adam's body parts?Rib
90%
God banished Adam and Eve from which place?Garden of Eden
80%
If Adam and Eve had eaten from this tree, they would have lived forever — that is, been stuck eternally — in their sinful state. The tree of _______.Life
70%
Which tree does Eve eat fruit from? The tree of the __________ _(of)_ ______ _(and)_ _____Knowledge of good and evil
60%
When God speaks to Adam and Eve, the first husband and wife, he commands them to be ____________ and __________Fruitful and multiply
50%
Eve was given her name because she was the _________ of all the living.mother
50%
God brought Adam to life by blowing into his ________.Nostrils
40%
The Garden of Eden is guarded by ______________.Cherubim
20%

Score Distribution

Percentile by Number Answered

Percent of People with Each Score

Your Score History

You have not taken this quiz